[Event "I Torneo Magistral Fiestas del Pilar"]
[Site "Zaragoza ESP"]
[Date "2005.10.08"]
[Round "6.2"]
[White "Adla, Diego Gustavo"]
[Black "Llorente Zaro, Alfonso"]
[Result "1/2-1/2"]
[WhiteElo "2474"]
[BlackElo "2357"]
[PlyCount "98"]
[EventDate "2005.10.03"]
[EventType "tourn"]
[EventRounds "9"]
[EventCountry "ESP"]
[EventCategory "4"]
[Source "lmi"]
[SourceDate "2005.10.12"]

1. e4 e5 2. Nf3 Nc6 3. Bb5 a6 4. Bxc6 dxc6 5. O-O f6 6. d4 exd4 7. Nxd4 c5 8.
Ne2 Be6 9. Be3 Qxd1 10. Rxd1 Bd6 11. Nbc3 Ne7 12. Na4 c4 13. Rd2 O-O-O 14. Rad1
Bb4 15. Rxd8+ Rxd8 16. Rxd8+ Kxd8 17. Nc5 Bxc5 18. Bxc5 Nc6 19. f3 b6 20. Be3
Kd7 21. a3 f5 22. Kf2 fxe4 23. fxe4 Bg4 24. Nc3 Nd8 25. Bd4 Ne6 26. Be5 Bh5 27.
Ke3 Bf7 28. Nd5 Bg6 29. Nf4 Nxf4 30. Kxf4 b5 31. Bxg7 h5 32. Ke5 c6 33. Bf8 Bh7
34. Bb4 Bg6 35. h3 Bh7 36. g4 hxg4 37. hxg4 Bg6 38. g5 Bh7 39. Kd4 Bg6 40. b3
cxb3 41. cxb3 Bf7 42. a4 a5 43. Bxa5 Bxb3 44. axb5 cxb5 45. g6 Ke6 46. Bd8 Bd1
47. g7 Kf7 48. Bf6 Bb3 49. e5 Be6 1/2-1/2

[Event "I Torneo Magistral Fiestas del Pilar"]
[Site "Zaragoza ESP"]
[Date "2005.10.08"]
[Round "6.3"]
[White "Romon Poves, Raul"]
[Black "Glavina Rossi, Pablo"]
[Result "0-1"]
[WhiteElo "2209"]
[BlackElo "2446"]
[PlyCount "116"]
[EventDate "2005.10.03"]
[EventType "tourn"]
[EventRounds "9"]
[EventCountry "ESP"]
[EventCategory "4"]
[Source "lmi"]
[SourceDate "2005.10.12"]

1. d4 g6 2. e4 Bg7 3. Nf3 d6 4. Nc3 Nc6 5. Be3 e5 6. dxe5 Nxe5 7. Nxe5 Bxe5 8.
Qd2 Ne7 9. O-O-O Be6 10. f4 Bg7 11. Bd4 Bxd4 12. Qxd4 O-O 13. Nd5 Bxd5 14. exd5
Nf5 15. Qf2 Re8 16. Bb5 Re7 17. Rhe1 Rxe1 18. Rxe1 Qf6 19. c3 a6 20. Bd3 Ne7
21. Qf3 c6 22. dxc6 bxc6 23. g3 a5 24. Qe4 Ra7 25. Kc2 c5 26. Re2 Kg7 27. Kc1
h5 28. Bc2 Nf5 29. Qf3 Re7 30. Bxf5 Rxe2 31. Qxe2 Qxf5 32. c4 h4 33. Qd2 Qe4
34. gxh4 Qxc4+ 35. Kb1 Qe4+ 36. Kc1 d5 37. b3 a4 38. bxa4 d4 39. a5 c4 40. f5
c3 41. Qc2 Qf4+ 42. Kb1 Qf1+ 43. Qc1 Qb5+ 44. Ka1 Qxa5 45. f6+ Kh7 46. Qd1 Qb4
47. Qb1 Qc5 48. h5 c2 49. hxg6+ Kxg6 50. Qg1+ Kxf6 51. Qf2+ Ke7 52. Qh4+ Kd7
53. Qg4+ Kd8 54. Qh4+ Kc8 55. Qg4+ Kb7 56. Qd7+ Ka6 57. Qa4+ Kb6 58. Qb3+ Ka5
0-1

[Event "I Torneo Magistral Fiestas del Pilar"]
[Site "Zaragoza ESP"]
[Date "2005.10.08"]
[Round "6.4"]
[White "Gomez Luesia, Jesus"]
[Black "Lopez Gracia, Fernando"]
[Result "0-1"]
[WhiteElo "2196"]
[BlackElo "2316"]
[PlyCount "56"]
[EventDate "2005.10.03"]
[EventType "tourn"]
[EventRounds "9"]
[EventCountry "ESP"]
[EventCategory "4"]
[Source "lmi"]
[SourceDate "2005.10.12"]

1. c4 Nf6 2. Nc3 e5 3. Nf3 Nc6 4. d4 exd4 5. Nxd4 Bb4 6. Nxc6 bxc6 7. Qd4 O-O
8. Bg5 Be7 9. e3 d5 10. c5 Bf5 11. Ba6 Rb8 12. O-O h6 13. Bh4 g5 14. Bg3 Nd7
15. Na4 Bf6 16. Qd2 Bg7 17. Rac1 Re8 18. b3 Nf6 19. Qa5 Re7 20. Rfd1 h5 21. h3
Ne4 22. Bh2 g4 23. Bf4 Be5 24. Bf1 Re8 25. Qxa7 Bxf4 26. exf4 Qh4 27. Rc2 Nxf2
28. Rxf2 g3 0-1

[Event "I Torneo Magistral Fiestas del Pilar"]
[Site "Zaragoza ESP"]
[Date "2005.10.08"]
[Round "6.5"]
[White "Gomez Anadon, Daniel"]
[Black "Garza Marco, Sergio"]
[Result "0-1"]
[WhiteElo "2288"]
[BlackElo "2372"]
[PlyCount "50"]
[EventDate "2005.10.03"]
[EventType "tourn"]
[EventRounds "9"]
[EventCountry "ESP"]
[EventCategory "4"]
[Source "lmi"]
[SourceDate "2005.10.12"]

1. e4 g6 2. d4 Bg7 3. Nc3 d6 4. f4 a6 5. Nf3 b5 6. a3 Bb7 7. Be3 Nd7 8. Qd2 c5
9. d5 Qc7 10. O-O-O Ngf6 11. e5 b4 12. exf6 bxc3 13. Qxc3 Nxf6 14. Bc4 O-O 15.
Qd3 Rab8 16. b3 Bc8 17. Nh4 Ng4 18. Bg1 Qa5 19. a4 Qb4 20. h3 Nf6 21. Bf2 e6
22. dxe6 fxe6 23. Be1 Qa3+ 24. Kd2 d5 25. Bxa6 c4 0-1

[Event "I Torneo Magistral Fiestas del Pilar"]
[Site "Zaragoza ESP"]
[Date "2005.10.09"]
[Round "7.1"]
[White "Garza Marco, Sergio"]
[Black "Rios Parra, Alejandro"]
[Result "1/2-1/2"]
[WhiteElo "2372"]
[BlackElo "2288"]
[PlyCount "110"]
[EventDate "2005.10.03"]
[EventType "tourn"]
[EventRounds "9"]
[EventCountry "ESP"]
[EventCategory "4"]
[Source "lmi"]
[SourceDate "2005.10.12"]

1. d4 d5 2. c4 c6 3. Nf3 Nf6 4. Nc3 dxc4 5. a4 Na6 6. e4 Bg4 7. Bxc4 e6 8. Be3
Nb4 9. Be2 Be7 10. O-O Qa5 11. Ne5 Bxe2 12. Qxe2 O-O 13. Nc4 Qa6 14. Rfc1 Rfd8
15. e5 Nd7 16. Ne4 c5 17. Qg4 cxd4 18. Bxd4 Rac8 19. Nf6+ Nxf6 20. exf6 Bf8 21.
fxg7 Be7 22. Ne5 Rxc1+ 23. Rxc1 Nd3 24. Qf3 Nxe5 25. Bxe5 Qxa4 26. g3 Qb5 27.
Bf6 Bxf6 28. Qxf6 Qd7 29. h4 a5 30. h5 Rc8 31. Rxc8+ Qxc8 32. h6 Qc7 33. Qd4
Qc1+ 34. Kg2 Qxh6 35. Qd8+ Kxg7 36. Qxa5 Qf6 37. Qb4 h5 38. Qxb7 h4 39. gxh4
Qxh4 40. Qf3 Kf8 41. Qa8+ Ke7 42. Qa3+ Kd7 43. Qa7+ Kc6 44. Qa6+ Kc5 45. Qa5+
Kc6 46. Qc3+ Kb5 47. Qe5+ Ka4 48. Kf3 Qh1+ 49. Ke2 Qc6 50. Kd2 Kb3 51. Qb8+ Kc4
52. Qg3 Qd5+ 53. Ke1 Qe4+ 54. Kd2 Qd5+ 55. Kc1 Qh1+ 1/2-1/2

[Event "I Torneo Magistral Fiestas del Pilar"]
[Site "Zaragoza ESP"]
[Date "2005.10.09"]
[Round "7.2"]
[White "Lopez Gracia, Fernando"]
[Black "Gomez Anadon, Daniel"]
[Result "1/2-1/2"]
[WhiteElo "2316"]
[BlackElo "2288"]
[PlyCount "25"]
[EventDate "2005.10.03"]
[EventType "tourn"]
[EventRounds "9"]
[EventCountry "ESP"]
[EventCategory "4"]
[Source "lmi"]
[SourceDate "2005.10.12"]

1. Nf3 d5 2. d4 Nf6 3. c4 e6 4. Nc3 c6 5. e3 Nbd7 6. Qc2 Bd6 7. Be2 O-O 8. O-O
dxc4 9. Bxc4 b5 10. Bd3 Bb7 11. Rd1 Qc7 12. a3 a5 13. Ne2 1/2-1/2

[Event "I Torneo Magistral Fiestas del Pilar"]
[Site "Zaragoza ESP"]
[Date "2005.10.09"]
[Round "7.3"]
[White "Glavina Rossi, Pablo"]
[Black "Gomez Luesia, Jesus"]
[Result "1-0"]
[WhiteElo "2446"]
[BlackElo "2196"]
[PlyCount "73"]
[EventDate "2005.10.03"]
[EventType "tourn"]
[EventRounds "9"]
[EventCountry "ESP"]
[EventCategory "4"]
[Source "lmi"]
[SourceDate "2005.10.12"]

1. d4 Nf6 2. c4 e6 3. g3 d5 4. Bg2 dxc4 5. Nf3 a6 6. O-O Nc6 7. a4 Rb8 8. a5
Bb4 9. Qa4 Bd7 10. Ne5 Nxe5 11. Qxb4 Ng6 12. Nc3 b5 13. axb6 cxb6 14. Rxa6 b5
15. Bg5 Qe7 16. Qa5 O-O 17. Ne4 h6 18. Nxf6+ gxf6 19. Bxh6 Rfc8 20. Ra7 Qd6 21.
Rd1 Bc6 22. Ra6 Qd7 23. e4 Ne5 24. Bf4 Ra8 25. Bxe5 Rxa6 26. Qxa6 fxe5 27. d5
Bb7 28. Qb6 Ra8 29. Bf3 Ra6 30. Qe3 Qe7 31. h4 Rd6 32. Qc5 Qd7 33. Ra1 Ra6 34.
Rxa6 Bxa6 35. Bg4 f5 36. dxe6 Qd4 37. Qc7 1-0

[Event "I Torneo Magistral Fiestas del Pilar"]
[Site "Zaragoza ESP"]
[Date "2005.10.09"]
[Round "7.4"]
[White "Llorente Zaro, Alfonso"]
[Black "Romon Poves, Raul"]
[Result "1-0"]
[WhiteElo "2357"]
[BlackElo "2209"]
[PlyCount "95"]
[EventDate "2005.10.03"]
[EventType "tourn"]
[EventRounds "9"]
[EventCountry "ESP"]
[EventCategory "4"]
[Source "lmi"]
[SourceDate "2005.10.12"]

1. Nf3 Nf6 2. b3 d6 3. d4 c5 4. dxc5 Qa5+ 5. Nbd2 Qc3 6. Rb1 Nc6 7. Bb2 Qxc5 8.
a3 Bf5 9. Rc1 e5 10. e3 Be7 11. Be2 O-O 12. b4 Qb6 13. c4 Ne4 14. O-O Rac8 15.
Nxe4 Bxe4 16. Nd2 Bf5 17. c5 Qd8 18. Nc4 dxc5 19. b5 Nb8 20. Bxe5 Nd7 21. Bd6
Nb6 22. Bxe7 Qxe7 23. Nd6 Be6 24. Nxc8 Rxc8 25. Qd2 c4 26. Qa5 Qc5 27. Rfd1 a6
28. a4 h6 29. Bf3 axb5 30. Qxb5 Qxb5 31. axb5 Rc5 32. Bxb7 Rxb5 33. Rb1 Rb3 34.
Be4 f5 35. Bc2 Rxb1 36. Rxb1 Nd5 37. Kf1 Kf7 38. Ke1 Kf6 39. Kd2 Ke5 40. Rb7 g6
41. Ra7 Kf6 42. Bb1 Ke5 43. Ba2 Nb4 44. Ra5+ Kf6 45. Kc3 Nd3 46. f4 Ne1 47. Ra6
Kf7 48. Rxe6 1-0

[Event "I Torneo Magistral Fiestas del Pilar"]
[Site "Zaragoza ESP"]
[Date "2005.10.09"]
[Round "7.5"]
[White "Minzer, Claudio Javier"]
[Black "Adla, Diego Gustavo"]
[Result "1/2-1/2"]
[WhiteElo "2438"]
[BlackElo "2474"]
[PlyCount "24"]
[EventDate "2005.10.03"]
[EventType "tourn"]
[EventRounds "9"]
[EventCountry "ESP"]
[EventCategory "4"]
[Source "lmi"]
[SourceDate "2005.10.12"]

1. c4 e5 2. g3 Nc6 3. Bg2 g6 4. Nc3 Bg7 5. d3 d6 6. Rb1 a5 7. a3 f5 8. e3 Nge7
9. Nge2 Be6 10. Nd5 O-O 11. O-O Qd7 12. b4 axb4 1/2-1/2

[Event "I Torneo Magistral Fiestas del Pilar"]
[Site "Zaragoza ESP"]
[Date "2005.10.10"]
[Round "8.1"]
[White "Rios Parra, Alejandro"]
[Black "Adla, Diego Gustavo"]
[Result "0-1"]
[WhiteElo "2288"]
[BlackElo "2474"]
[PlyCount "96"]
[EventDate "2005.10.03"]
[EventType "tourn"]
[EventRounds "9"]
[EventCountry "ESP"]
[EventCategory "4"]
[Source "lmi"]
[SourceDate "2005.10.12"]

1. e4 e5 2. Nf3 Nc6 3. d4 exd4 4. Nxd4 Bc5 5. Be3 Qf6 6. c3 Nge7 7. Bc4 Ne5 8.
Be2 Qg6 9. O-O d6 10. f3 O-O 11. Kh1 Bb6 12. a4 a6 13. c4 c5 14. Nc2 f5 15. Nc3
fxe4 16. fxe4 Rxf1+ 17. Qxf1 Be6 18. a5 Bc7 19. b3 N7c6 20. Qd1 Nxa5 21. Bh5
Qf6 22. Nd5 Bxd5 23. Qxd5+ Kh8 24. Be2 Rf8 25. Rb1 Nac6 26. h3 Ng6 27. Rf1 Qe7
28. Rxf8+ Nxf8 29. Bg4 Ng6 30. Bc8 Bd8 31. Bd2 Qc7 32. Bf5 Bf6 33. Bxg6 hxg6
34. Bf4 Be5 35. Bxe5 Nxe5 36. Qe6 Qd7 37. Qd5 Kh7 38. Qd2 Qe6 39. Qe1 Qf6 40.
Ne3 Nd3 41. Qe2 Nf2+ 42. Kg1 Nxe4 43. Ng4 Qf4 44. Qe1 Ng3 45. Qe7 Qd4+ 46. Kh2
Nf1+ 47. Kh1 Ng3+ 48. Kh2 Nf5 0-1

[Event "I Torneo Magistral Fiestas del Pilar"]
[Site "Zaragoza ESP"]
[Date "2005.10.10"]
[Round "8.2"]
[White "Romon Poves, Raul"]
[Black "Minzer, Claudio Javier"]
[Result "1-0"]
[WhiteElo "2209"]
[BlackElo "2438"]
[PlyCount "103"]
[EventDate "2005.10.03"]
[EventType "tourn"]
[EventRounds "9"]
[EventCountry "ESP"]
[EventCategory "4"]
[Source "lmi"]
[SourceDate "2005.10.12"]

1. d4 Nf6 2. c4 g6 3. Nc3 Bg7 4. e4 d6 5. f3 O-O 6. Be3 c5 7. Nge2 Nc6 8. d5
Ne5 9. Ng3 e6 10. Be2 exd5 11. cxd5 a6 12. a4 h5 13. O-O Nh7 14. Qd2 h4 15. Nh1
f5 16. Nf2 b6 17. Rab1 Qf6 18. exf5 gxf5 19. Nh3 Ng6 20. f4 Ra7 21. Rfc1 a5 22.
Re1 Re7 23. Bf2 Bh6 24. Bb5 Rg7 25. Re8 Rxe8 26. Bxe8 Qd8 27. Re1 Ne5 28. Qe2
Ng4 29. Bb5 Nxf2 30. Qe8+ Qxe8 31. Rxe8+ Nf8 32. Kxf2 Bb7 33. Rd8 Rg6 34. Rb8
Rg7 35. Bc6 Ba6 36. Rxb6 Bd3 37. Bb5 c4 38. Rxd6 Kh7 39. Rd8 Ra7 40. d6 Ne6 41.
Re8 Ng7 42. d7 Rxd7 43. Bxd7 Nxe8 44. Bxe8 Kg7 45. Kf3 Kf6 46. Nf2 Bf1 47. h3
Bf8 48. Nd5+ Ke6 49. Ne3 Bg7 50. Nxf1 Bxb2 51. Ne3 c3 52. Ke2 1-0

[Event "I Torneo Magistral Fiestas del Pilar"]
[Site "Zaragoza ESP"]
[Date "2005.10.10"]
[Round "8.3"]
[White "Gomez Luesia, Jesus"]
[Black "Llorente Zaro, Alfonso"]
[Result "0-1"]
[WhiteElo "2196"]
[BlackElo "2357"]
[PlyCount "78"]
[EventDate "2005.10.03"]
[EventType "tourn"]
[EventRounds "9"]
[EventCountry "ESP"]
[EventCategory "4"]
[Source "lmi"]
[SourceDate "2005.10.12"]

1. d4 Nf6 2. Bg5 Ne4 3. Bh4 d5 4. f3 Nf6 5. Nc3 c5 6. e4 dxe4 7. Bb5+ Bd7 8.
dxc5 Qa5 9. Qe2 Nd5 10. Bxd7+ Nxd7 11. Qb5 Qxb5 12. Nxb5 exf3 13. Nxf3 a6 14.
O-O-O axb5 15. Rxd5 e6 16. Rhd1 Nf6 17. R5d3 Bxc5 18. Bxf6 gxf6 19. Rc3 b6 20.
Nd4 b4 21. Rcd3 O-O-O 22. Nb3 Rxd3 23. cxd3 Rg8 24. g3 Bd6 25. Kd2 Kd7 26. Ke3
f5 27. Rc1 Ra8 28. Ra1 h5 29. d4 h4 30. Kf3 hxg3 31. hxg3 Rh8 32. Rg1 Rh2 33.
Rg2 Rxg2 34. Kxg2 Kc6 35. Kf3 Kd5 36. g4 fxg4+ 37. Kxg4 Ke4 38. Kg5 Be7+ 39.
Kg4 Bf6 0-1

[Event "I Torneo Magistral Fiestas del Pilar"]
[Site "Zaragoza ESP"]
[Date "2005.10.10"]
[Round "8.4"]
[White "Gomez Anadon, Daniel"]
[Black "Glavina Rossi, Pablo"]
[Result "1/2-1/2"]
[WhiteElo "2288"]
[BlackElo "2446"]
[PlyCount "102"]
[EventDate "2005.10.03"]
[EventType "tourn"]
[EventRounds "9"]
[EventCountry "ESP"]
[EventCategory "4"]
[Source "lmi"]
[SourceDate "2005.10.12"]

1. e4 e5 2. Nf3 Nc6 3. Bb5 a6 4. Ba4 Nf6 5. O-O Bc5 6. c3 b5 7. Bb3 d6 8. a4
Bg4 9. h3 Bxf3 10. Qxf3 O-O 11. d3 Na5 12. Ba2 bxa4 13. Nd2 c6 14. Re1 Rb8 15.
Bb1 Nb3 16. Nxb3 axb3 17. Bg5 h6 18. Bxf6 Qxf6 19. Qxf6 gxf6 20. Rxa6 Bb6 21.
Kf1 Rfc8 22. Rd1 c5 23. Ra3 Bd8 24. Ke2 Rb5 25. c4 Rb6 26. Kd2 Rcb8 27. Kc3 Kg7
28. Re1 h5 29. Re3 h4 30. Rf3 Be7 31. g4 hxg3 32. fxg3 Bf8 33. Ra7 Kg6 34. Ra3
Bh6 35. Ra7 Bc1 36. Ra3 Bg5 37. Ra7 Bh6 38. Ra3 Bc1 39. Ra7 Rh8 40. h4 Rhb8 41.
Ra3 Kh5 42. Ra7 Kg4 43. Rxf6 Kxg3 44. Rf1 Bf4 45. Rxf7 R8b7 46. Rf8 Kg2 47.
R8xf4 exf4 48. Rxf4 Kg3 49. Rf6 Kxh4 50. d4 cxd4+ 51. Kxd4 Kg5 1/2-1/2

[Event "I Torneo Magistral Fiestas del Pilar"]
[Site "Zaragoza ESP"]
[Date "2005.10.10"]
[Round "8.5"]
[White "Garza Marco, Sergio"]
[Black "Lopez Gracia, Fernando"]
[Result "1/2-1/2"]
[WhiteElo "2372"]
[BlackElo "2316"]
[PlyCount "123"]
[EventDate "2005.10.03"]
[EventType "tourn"]
[EventRounds "9"]
[EventCountry "ESP"]
[EventCategory "4"]
[Source "lmi"]
[SourceDate "2005.10.12"]

1. c4 Nf6 2. d4 g6 3. Nc3 Bg7 4. e4 d6 5. Be2 O-O 6. Nf3 e5 7. O-O Na6 8. Be3
Ng4 9. Bg5 Qe8 10. dxe5 dxe5 11. h3 f6 12. Bd2 Nh6 13. c5 Nxc5 14. Qc1 Nf7 15.
Nd5 Ne6 16. Bb4 c6 17. Bxf8 Qxf8 18. Nc3 Kh8 19. Rd1 f5 20. Bc4 Nd6 21. Bxe6
Bxe6 22. Re1 f4 23. Na4 Re8 24. Nc5 Bc8 25. Nd3 Qf6 26. Qc5 g5 27. Qxa7 h5 28.
Rad1 Nf7 29. Nd2 g4 30. hxg4 hxg4 31. f3 Ng5 32. Kf2 Qg6 33. Rh1+ Kg8 34. Ke2
Ne6 35. Nb3 c5 36. Qa4 b5 37. Qxb5 Ba6 38. Qa4 gxf3+ 39. gxf3 Qg2+ 40. Ke1
Qxh1+ 41. Kd2 Qg2+ 42. Kc1 Re7 43. Qxa6 Qxf3 44. Qc4 Kf8 45. a4 Qe3+ 46. Kb1
Rd7 47. a5 Ke7 48. a6 f3 49. Ka2 Bh6 50. Ndxc5 Nxc5 51. Nxc5 Rxd1 52. a7 Rd8
53. Qe6+ Kf8 54. Qf6+ Ke8 55. Qe6+ Kf8 56. Nd7+ Kg7 57. Qxe5+ Kh7 58. Qf5+ Kg7
59. Qf6+ Kh7 60. Qf5+ Kg7 61. Qf6+ Kh7 62. Qf5+ 1/2-1/2

[Event "I Torneo Magistral Fiestas del Pilar"]
[Site "Zaragoza ESP"]
[Date "2005.10.11"]
[Round "9.1"]
[White "Lopez Gracia, Fernando"]
[Black "Rios Parra, Alejandro"]
[Result "1-0"]
[WhiteElo "2316"]
[BlackElo "2288"]
[PlyCount "69"]
[EventDate "2005.10.03"]
[EventType "tourn"]
[EventRounds "9"]
[EventCountry "ESP"]
[EventCategory "4"]
[Source "lmi"]
[SourceDate "2005.10.12"]

1. Nf3 d5 2. d4 Nf6 3. c4 c6 4. Nc3 e6 5. e3 Nbd7 6. Qc2 Bd6 7. Be2 dxc4 8.
Bxc4 b5 9. Bd3 a6 10. a4 Bb7 11. O-O b4 12. Ne4 Nxe4 13. Bxe4 Qc7 14. h3 Nf6
15. Nd2 Rc8 16. Nc4 Nxe4 17. Qxe4 Bh2+ 18. Kh1 c5 19. Qg4 O-O 20. f4 cxd4 21.
b3 f5 22. Qh4 Be4 23. Kxh2 Bc2 24. Bb2 Bxb3 25. Nd2 Bd5 26. Bxd4 Qb7 27. Rac1
b3 28. Qg5 b2 29. Rxc8 Rxc8 30. e4 Ba2 31. exf5 h6 32. Qg6 Rc1 33. Qe8+ Kh7 34.
f6 gxf6 35. Ne4 1-0

[Event "I Torneo Magistral Fiestas del Pilar"]
[Site "Zaragoza ESP"]
[Date "2005.10.11"]
[Round "9.2"]
[White "Glavina Rossi, Pablo"]
[Black "Garza Marco, Sergio"]
[Result "1-0"]
[WhiteElo "2446"]
[BlackElo "2372"]
[PlyCount "51"]
[EventDate "2005.10.03"]
[EventType "tourn"]
[EventRounds "9"]
[EventCountry "ESP"]
[EventCategory "4"]
[Source "lmi"]
[SourceDate "2005.10.12"]

1. e4 e6 2. d4 d5 3. e5 c5 4. c3 Bd7 5. Nf3 Nc6 6. Be2 Nge7 7. dxc5 Ng6 8. b4
Be7 9. O-O O-O 10. Be3 a5 11. b5 Ncxe5 12. Nxe5 Nxe5 13. Qd4 Ng6 14. Nd2 a4 15.
Rac1 Qa5 16. Nc4 Qxb5 17. Rb1 Qc6 18. Nb6 e5 19. Qb4 Bf5 20. Nxa8 Bxb1 21. Rxb1
Rxa8 22. Qxb7 Qxb7 23. Rxb7 Kf8 24. c6 f5 25. c7 Bd6 26. Bc5 1-0

[Event "I Torneo Magistral Fiestas del Pilar"]
[Site "Zaragoza ESP"]
[Date "2005.10.11"]
[Round "9.3"]
[White "Llorente Zaro, Alfonso"]
[Black "Gomez Anadon, Daniel"]
[Result "1-0"]
[WhiteElo "2357"]
[BlackElo "2288"]
[PlyCount "83"]
[EventDate "2005.10.03"]
[EventType "tourn"]
[EventRounds "9"]
[EventCountry "ESP"]
[EventCategory "4"]
[Source "lmi"]
[SourceDate "2005.10.12"]

1. d4 d5 2. c4 e6 3. Nc3 c6 4. Nf3 Nf6 5. cxd5 exd5 6. Bg5 Be7 7. Qc2 g6 8. e3
Bf5 9. Bd3 Bxd3 10. Qxd3 O-O 11. O-O Nbd7 12. Rfc1 Ne4 13. Bh6 Re8 14. Nxe4
dxe4 15. Qxe4 Bg5 16. Bxg5 Rxe4 17. Bxd8 Rxd8 18. b4 a6 19. Nd2 Re7 20. Nc4 Kg7
21. a4 Nf6 22. Nb6 Nd5 23. Nxd5 cxd5 24. Rc5 f5 25. Rac1 Kf6 26. Rc7 Rdd7 27.
Rxd7 Rxd7 28. Kf1 Ke6 29. Ke2 Kd6 30. Kd3 Rd8 31. h3 Rf8 32. Rc2 h5 33. h4 Re8
34. g3 Re6 35. Ke2 Kd7 36. Rc5 Rd6 37. Kf3 Ke6 38. Kf4 Kf6 39. a5 Rd7 40. b5
axb5 41. Rxb5 Ke6 42. Rb6+ 1-0

[Event "I Torneo Magistral Fiestas del Pilar"]
[Site "Zaragoza ESP"]
[Date "2005.10.11"]
[Round "9.4"]
[White "Minzer, Claudio Javier"]
[Black "Gomez Luesia, Jesus"]
[Result "1/2-1/2"]
[WhiteElo "2438"]
[BlackElo "2196"]
[PlyCount "166"]
[EventDate "2005.10.03"]
[EventType "tourn"]
[EventRounds "9"]
[EventCountry "ESP"]
[EventCategory "4"]
[Source "lmi"]
[SourceDate "2005.10.12"]

1. Nf3 c5 2. c4 Nf6 3. Nc3 e6 4. g3 b6 5. Bg2 Bb7 6. O-O Be7 7. b3 O-O 8. d4
cxd4 9. Qxd4 a6 10. Rd1 d6 11. Ba3 Nc6 12. Qf4 d5 13. cxd5 Nxd5 14. Nxd5 Bxa3
15. Nc7 e5 16. Rxd8 exf4 17. Rxa8 Bxa8 18. gxf4 Bb7 19. Rd1 Rd8 20. Rxd8+ Nxd8
21. Ne5 Bc8 22. Nd5 b5 23. b4 Be6 24. Nd3 Nc6 25. Nf6+ gxf6 26. Bxc6 Bxa2 27.
Bb7 Bc4 28. Bxa6 Bxd3 29. exd3 Bxb4 30. Bxb5 f5 31. Bd7 Bd6 32. Bxf5 Bxf4 33.
Kg2 h6 34. h3 Kg7 35. Kf3 Bh2 36. Ke4 Kf6 37. Bg4 Bb8 38. Bh5 Ba7 39. f3 Ke6
40. Bg4+ Kf6 41. Bc8 Bf2 42. Kd5 Bg3 43. Bg4 Kg5 44. Ke4 h5 45. Bc8 h4 46. Bd7
Kf6 47. Kd5 Bb8 48. Be8 Ke7 49. Bb5 Kf6 50. Ke4 Bc7 51. Bc4 Bg3 52. Kd5 Bf4 53.
Kc6 Ke7 54. Bb3 Bg3 55. Kd5 Kf6 56. Bc4 Bh2 57. Kc6 Ke7 58. Kd5 Kf6 59. Ke4 Bg3
60. f4 Bh2 61. d4 Bg1 62. Be2 Bf2 63. Bh5 Bg1 64. d5 Bc5 65. Be2 Bd6 66. Ba6
Bb8 67. Kf3 Bd6 68. Kg4 Bc7 69. Bc8 Bd6 70. Kf3 Bc7 71. Ke4 Bd6 72. Bg4 Bc7 73.
Bh5 Bd6 74. Bd1 Bc7 75. Be2 Bd6 76. Bh5 Bc7 77. f5 Bd6 78. Bf3 Bc7 79. Be2 Bd6
80. Bh5 Bc7 81. Kd4 Kxf5 82. Bxf7 Kf6 83. Bh5 Ke7 1/2-1/2

[Event "I Torneo Magistral Fiestas del Pilar"]
[Site "Zaragoza ESP"]
[Date "2005.10.11"]
[Round "9.5"]
[White "Adla, Diego Gustavo"]
[Black "Romon Poves, Raul"]
[Result "1-0"]
[WhiteElo "2474"]
[BlackElo "2209"]
[PlyCount "103"]
[EventDate "2005.10.03"]
[EventType "tourn"]
[EventRounds "9"]
[EventCountry "ESP"]
[EventCategory "4"]
[Source "lmi"]
[SourceDate "2005.10.12"]

1. c4 Nf6 2. g3 g6 3. Bg2 d5 4. cxd5 Nxd5 5. d4 Bg7 6. e4 Nb4 7. a3 N4c6 8. d5
Nd4 9. Be3 c5 10. Nc3 O-O 11. Nge2 Bg4 12. O-O Nxe2+ 13. Nxe2 Bxb2 14. Ra2 Bxe2
15. Qxe2 Bd4 16. Bxd4 cxd4 17. Rd2 Na6 18. Rxd4 e5 19. Rc4 Qd6 20. Qe3 b6 21.
Rc6 Qe7 22. Bh3 Rfd8 23. f4 Rd6 24. Rxd6 Qxd6 25. fxe5 Qxe5 26. Qf4 Qd4+ 27.
Kh1 Rf8 28. Bg2 f6 29. Bf3 Nc5 30. Rd1 Qe5 31. h4 Re8 32. Qxe5 fxe5 33. Kg2 Kf7
34. Kf2 Rd8 35. Ke3 Ke7 36. Bg4 Rd6 37. h5 gxh5 38. Bxh5 Rf6 39. Rh1 Kd6 40.
Be2 h6 41. Rh4 Rg6 42. g4 Rf6 43. Rh5 a6 44. g5 hxg5 45. Rxg5 b5 46. Rg7 Rh6
47. Bg4 Rf6 48. Rg8 Rh6 49. Rc8 Rh4 50. Rc6+ Ke7 51. Bf5 Na4 52. d6+ 1-0